Vállalkozások jövedelmezőségi és hatékonysági mutatóinak módszertani és modern statisztikai módszerekkel történő elemzése

Bibliográfiai részletek
Szerző: Vörös Szilvia
További közreműködők: Pucsek Dr. József
Dokumentumtípus: Diplomadolgozat
Kulcsszavak:jövedelmezőség
hatékonyság
statisztikai módszerek
Online Access:http://dolgozattar.uni-bge.hu/11140

MARC

LEADER 00000nta a2200000 i 4500
001 dolg11140
005 20170512084334.0
008 170512suuuu hu om 000 hun d
040 |a BGE Dolgozattár Repozitórium  |b hun 
041 |a hu 
100 1 |a Vörös Szilvia 
245 1 0 |a Vállalkozások jövedelmezőségi és hatékonysági mutatóinak módszertani és modern statisztikai módszerekkel történő elemzése  |c Vörös Szilvia  |h [elektronikus dokumentum] 
695 |a jövedelmezőség 
695 |a hatékonyság 
695 |a statisztikai módszerek 
700 1 |a Pucsek Dr. József  |e ths 
856 4 0 |u http://dolgozattar.uni-bge.hu/11140/1/V%C3%B6r%C3%B6s%20Szilvia%20-%20BGE%20-%20MSC%20szakdolgozat%20-%202017.pdf  |z Dokumentum-elérés